Loading...
| History - Other | 0 | 5 | 0 | 1 | 50 | 97 | 116.80 | 0 | 3 | 4.76 | 16.82 |
| History - European | 0 | 4 | 0 | 1 | 40 | 53 | 89.00 | 1 | 3 | 11.47 | 21.82 |
| Religion | 0 | 4 | 1 | 3 | 35 | 61 | 121.25 | 1 | 2 | 4.62 | 16.36 |
| Social Science | 0 | 2 | 0 | 0 | 20 | 106 | 112.00 | 0 | 2 | 0.86 | 12.73 |
| Literature - European | 0 | 2 | 0 | 0 | 20 | 125 | 132.00 | 0 | 0 | 0.00 | 4.09 |
| Literature - World | 0 | 2 | 0 | 2 | 20 | 144 | 144.50 | 0 | 1 | -0.20 | 5.91 |
| Mythology | 0 | 2 | 0 | 1 | 20 | 122 | 134.00 | 0 | 0 | -0.08 | 3.64 |
| Philosophy | 0 | 2 | 0 | 1 | 20 | 122 | 132.50 | 0 | 1 | 0.00 | 3.64 |
| Science - Biology | 0 | 2 | 0 | 1 | 20 | 113 | 113.50 | 0 | 0 | 1.44 | 5.45 |
| Science - Other | 0 | 2 | 0 | 1 | 20 | 99 | 105.00 | 0 | 1 | 1.53 | 5.45 |
| History - World | 0 | 2 | 1 | 1 | 15 | 115 | 121.50 | 0 | 1 | 0.52 | 4.09 |
| Fine Arts - Other | 0 | 1 | 0 | 1 | 10 | 150 | 150.00 | 0 | 1 | 0.00 | 7.27 |
| Science - Chemistry | 0 | 1 | 0 | 1 | 10 | 114 | 114.00 | 0 | 1 | -0.08 | 1.82 |
| Literature - American | 0 | 1 | 0 | 1 | 10 | 142 | 142.00 | 0 | 1 | -0.06 | 1.82 |
| Fine Arts - Painting and Sculpture | 0 | 1 | 0 | 1 | 10 | 142 | 142.00 | 0 | 0 | 0.00 | 3.64 |
| History - American | 0 | 1 | 1 | 0 | 5 | 68 | 68.00 | 1 | 1 | 4.15 | 9.09 |
| Literature - British | 0 | 0 | 0 | 0 | 0 | 0.00 | 0 | 0 | 0.00 | 0.00 | |
| Science - Physics | 0 | 0 | 0 | 0 | 0 | 0.00 | 0 | 0 | 0.00 | 0.00 | |
| Fine Arts - Classical Music | 0 | 0 | 0 | 0 | 0 | 0.00 | 0 | 0 | 0.00 | 0.00 | |
| Current Events | 0 | 0 | 1 | 0 | -5 | 0.00 | 0 | 0 | 0.00 | 0.00 |